000 00487nam a22001817a 4500
005 20230117122345.0
008 200317b xxu||||| |||| 00| 0 eng d
020 _a9788123905136
041 _aeng
082 _a615.190 18
100 _aBECKETT,A.H AND STENLAKE, J.B.
_96989
245 _aPRACTICAL PHARMACEUTICAL CHEMISTRY- (vol -1)
250 _a1st, 1997
260 _aNEW DELHI
_bCBS
_c2005
300 _a326;VIIIp.
650 _aPHARMACY
_xB.PHARMA & D.PHARMA
_97472
942 _cBK
999 _c6127
_d6125